Investičné kluby

Uložené v:
Podrobná bibliografia
Hlavný autor: Trúchly, Peter
Ďalší autori: Rendek, Peter
Médium: Kapitola
Jazyk:Slovak
Predmet:
Tagy: Pridať tag
Žiadne tagy, Buďte prvý, kto otaguje tento záznam!

MARC

LEADER 00000naa$a2200000$$$4500
001 0051118
005 20240502071608.6
041 0 |a slo 
044 |a SK 
245 1 0 |a Investičné kluby  |c Peter Trúchly, Peter Rendek 
610 2 0 |a investície 
610 2 0 |a investovanie 
610 2 0 |a investori 
610 2 0 |a riziko finančné 
610 2 0 |a vzdelávanie 
610 2 0 |a asociácie 
100 1 |a Trúchly, Peter 
700 1 |a Rendek, Peter